Quiz Cultura Generale - Quiz n°72 - Statistics

Statistiche generali
  • Questo quiz è stato fatto 160 volte
  • Il punteggio medio è 10 su 15
Statistiche sulle risposte
Domanda Risposta % Corretto
Com'è detto ciascun numero da sommare in una addizione? Addendo
100%
Qual è il giorno sacro per i cristiani? Domenica
100%
Quanti lati ha un ettagono? 7
94%
Quale di queste città non è una capitale? Sydney
94%
Quale anno corrisponde all'anno romano MDCCXCIV? 1794
85%
Quale di queste poesie è di Ugo Foscolo? A Zacinto
85%
Da quale città fu esiliato Dante Alighieri nel 1302? Firenze
85%
Da quale ghiandola è prodotto l'ormone T4? Tiroide
79%
Di quale stato è capitale la città di Maputo? Mozambico
74%
Chi ha scritto "Rosso Malpelo"? Giovanni Verga
72%
Quali di queste città si trova nello stato di New York? Albany
57%
Qual è l'acronimo inglese dell'Organizzazione mondiale del commercio? WTO
55%
In quale città si trova l'Ippodromo delle Capannelle? Roma
28%
In quale stato nacque Piet Mondrian? Paesi Bassi
23%
Di quanti gradi è inclinato l'asse terrestre sul piano dell'eclittica? 23° 26'
17%
Nessun quiz corrispondente trovato
Distribuzione punteggi
Percentuale di utenti per punteggio
Percentile per numero di risposta
I tuoi punteggi nel tempo
Non hai fatto questo quiz